Geografía de Opción Múltiple #1 - Estadísticas

Estadísticas generales
  • Esta prueba ha sido intentada 5.748 veces
  • La puntuación promedio es 10 de 15
Estadísticas de respuestas
Pregunta Respuesta % Correcto
¿Cuál de estas ciudades no es una capital nacional? Sydney
94%
¿Cuál de estos países no está en América Central? Surinam
92%
¿Cuál de estas ciudades no bordea el Mar Mediterráneo? Lisboa
87%
¿Cuál de estos países no era parte de la Unión Soviética? Polonia
80%
¿Cuál de estos países no está reconocido por las Naciones Unidas? Taiwán
78%
¿Cuál de estas cadenas montañosas no está en Europa? Atlas
76%
¿Cuál de estos países nunca fue parte del Imperio Británico? Tailandia
71%
¿Cuál de estos países no tiene una sola frontera? Corea del Norte
70%
¿Cuál de estos estados de EE.UU. no tiene frontera con Canadá? Indiana
67%
¿Cuál de estas ciudades no está en el hemisferio sur? Colombo
60%
¿Cuál de estas cosas no se encuentra en África? Desierto de Gobi
56%
¿Cuál de estos países no es uno de los 20 principales productores de petróleo? Marruecos
55%
¿Cuál de estas ciudades no bordea los Grandes Lagos? Pittsburgh
47%
¿Cuál de estas ciudades no está en India? Karachi
43%
¿Cuál de estos países no es de mayoría musulmana? Etiopía
42%
No se encontraron pruebas coincidentes
Distribución de puntuación
Porcentaje de gente con cada puntuación
Porcentaje por número respondido
Historial de tus puntuaciones
No has intentado esta prueba.